Einführung von Informations- und Kommunikationstechnologie

Gespeichert in:
Bibliographische Detailangaben
1. Verfasser: Junker, Robert
Format: Buch
Sprache:Deutsch
Veröffentlicht: Berlin Springer 1988
Ausgabe:1. Aufl.
Tags: Tag hinzufügen
Keine Tags, Fügen Sie das erste Tag hinzu!

MARC

LEADER 00000nam a2200000 4500
001 c040731
005 20221206134202.3
041 0 |a ger 
044 |a DE 
245 1 0 |a Einführung von Informations- und Kommunikationstechnologie  |c Robert Junker 
250 |a 1. Aufl. 
264 1 |a Berlin  |b Springer  |c 1988 
300 |a 149 s. 
100 1 |a Junker, Robert